000
00342nam a2200145Ia 4500
001
R-1460
003
CODICE-MESSINA
005
20260212102507.0
008
260211s9999 xx 000 0 und d
040
_c
importazione_messina
100
_a
Charles Augustin de Sainte-Beuve
245
0
_a
VoluttÃ
260
_b
Rizzoli
942
_2
ddc
_c
BK
999
_c
27963
_d
27963